000 00519nam a2200181Ia 4500
005 20250714155642.0
008 008 250516s9999 xx 000 0 eng d
020 _a9781032982496
040 _beng
_cSDCL
041 _aeng
_2eng
084 _aQ2 R5
100 _aSen, Amiya P.
245 0 _aHindutva before Hindutva :
_bSelected writings and discourses of Chandranath Basu in translation
260 _aLondon:
_bRoutledge,
_c2025.
300 _axiii,225
650 _aPolitical Science
942 _cTEXL
_2CC
999 _c1429808
_d1429808